Normal view
MARC view
Entry Personal Name
001 - CONTROL NUMBER
- control field: 10993
003 - CONTROL NUMBER IDENTIFIER
- control field: OSt
005 - DATE AND TIME OF LATEST TRANSACTION
- control field: 20250524083715.0
008 - FIXED-LENGTH DATA ELEMENTS
- fixed length control field: 250524|| aca||aabn | a|a d
040 ## - CATALOGING SOURCE
- Original cataloging agency: OSt
- Transcribing agency: OSt
100 ## - HEADING--PERSONAL NAME
- Personal name: Cajiao, Israel Tinoco
670 ## - SOURCE DATA FOUND
- Source citation: Work cat.: (OSt)3968: Cajiao, Israel Tinoco author, Food and beverage service /, 2024
